Statistics for Random Dutch words (Easy)

Click here to take the quiz!

General Stats

  • This quiz has been taken 19 times
  • The average score is 22 of 30

Answer Stats

HintAnswer% Correct
hellohallo
100%
hehij
100%
Iik
100%
yesja
100%
notniet
93%
carauto
86%
tabletafel
86%
twotwee
86%
blueblauw
79%
chicken
kip
79%
bikefiets
79%
herehier
79%
cowkoe
79%
metalmetaal
79%
seazee
79%
alwaysaltijd
71%
eveningavond
71%
eggei
71%
lamplamp
71%
countryland
71%
normalnormaal
71%
bagtas
71%
jacketjas
64%
nevernooit
64%
correctcorrect
57%
laughlach
57%
lifeleven
57%
chancekans
50%
flightvlucht
50%
niceleuk
29%

Score Distribution

Percentile by Number Answered

Percent of People with Each Score

Your Score History

You have not taken this quiz